BLACKPINK Songs - Statistics

General Stats
  • This quiz has been taken 2,120 times
    199 since last reset
  • The average score is 24 of 37
Answer Stats
Answers % Correct
WHISTLE (휘파람)
91%
BOOMBAYAH (붐바야)
90%
DDU-DU DDU-DU (뚜두뚜두)
88%
DDU-DU DDU-DU (뚜두뚜두) (Remix)
88%
JUMP (뛰어)
88%
Kill This Love
88%
Pink Venom
88%
GO
87%
Shut Down
86%
How You Like That
81%
Ice Cream
77%
PLAYING WITH FIRE (불장난)
76%
Champion
73%
As If It's Your Last (마지막처럼)
71%
Lovesick Girls
71%
Pretty Savage
71%
STAY
71%
Forever Young
67%
Typa Girl
67%
Me and my
57%
Don't Know What To Do
56%
Kick It
56%
Love To Hate Me
53%
Sour Candy
53%
Tally
53%
Really
52%
Crazy Over You
51%
Fxxxboy
51%
Bet You Wanna
50%
Kiss and Make Up
50%
The Happiest Girl
50%
Hard To Love
47%
Yeah Yeah Yeah
47%
You Never Know
47%
Ready For Love
44%
See U Later
44%
Hope Not (아니길)
40%
No matching quizzes found
Score Distribution
Percent of People with Each Score
Percentile by Number Answered
Your Score History
You have not taken this quiz since the last reset